[Event "GER Seniors Derby 02nd"]
[Site "Wesel/Heidelust"]
[Date "2003.03.15"]
[Round "5"]
[White "Schinnenburg, Werner"]
[Black "Pape, Manfred"]
[Result "0-1"]
[WhiteElo "1660"]
[BlackElo "2069"]
[PlyCount "80"]
[EventDate "2003.03.13"]
[EventType "swiss"]
[EventRounds "7"]
[EventCountry "GER"]
[SourceTitle "EXT 2006"]
[Source "ChessBase"]
[SourceDate "2005.11.24"]
[SourceVersion "1"]
[SourceVersionDate "2005.11.24"]
[SourceQuality "1"]

1. e4 c5 2. Nf3 Nc6 3. Bc4 g6 4. 0-0 Bg7 5. d3 e6 6. Nc3 Nge7 7. Bg5 a6 8. a4 Rb8 9. Rb1 h6 10. Bh4 0-0 11. Qd2 d6 12. Rfe1 Kh7 13. Re2 Qa5 14. Bb3 b5 15. axb5 axb5 16. Nd1 Qc7 17. Ne3 Ng8 18. c3 b4 19. c4 Ra8 20. g4 Bd7 21. Bg3 Nge7 22. h4 Ra6 23. Nc2 Na5 24. Nxb4 cxb4 25. Bd1 Qc5 26. e5 d5 27. h5 Bc6 28. hxg6+ fxg6 29. cxd5 Rxf3 30. Bh4 Qxd5 31. Re3 Rxe3 32. fxe3 Qh1+ 33. Kf2 Qxh4+ 34. Kf1 Qh1+ 35. Kf2 Qg2+ 36. Ke1 Qg1+ 37. Ke2 Qxg4+ 38. Kf2 Qg2+ 39. Ke1 Qg1+ 40. Ke2 Nf5 0-1